[Puškin, Aleksandr Sergejevič]

Zobrazenie: Podobizeň ruského básnika a prozaika Aleksandra Sergejeviča Puškina (6.6.1799 Moskva, Rusko - 10.2.1837 Petrohrad, Rusko). Reprodukcia maľby.

Bibliographic Details
Format: Photo
Language:Russian
PhysicalDescription:1 fotografia v hnedom tóne 17 x 12 cm
Published: [S.l. s.n. s.a.]
Subjects:

MARC

LEADER 00000nkmaa2200000 a 4500
001 vtls011983438
003 SK-MaSNL
005 20260302061106.0
007 kh ao
008 230802n ru | |||0 k|rus
035 |a urn:nbn:sk:snk-km00ejif 
035 |a urn:nbn:sk:snk-km45vzv 
035 |a 1D2C437A-C8F2-4AE4-B07A-A86CF986BCE5 
040 |a SNKLA  |b slo  |c SNKLA  |e AACR2 
041 0 |a rus 
044 |a ru  |c RU 
245 0 0 |a [Puškin, Aleksandr Sergejevič]  |h grafika 
260 |a [S.l.  |b s.n.  |c s.a.] 
300 |a 1 fotografia  |b v hnedom tóne  |c 17 x 12 cm 
500 |a Izdanie Feľtena v Sankt Peterburgu. 
520 2 |a Zobrazenie: Podobizeň ruského básnika a prozaika Aleksandra Sergejeviča Puškina (6.6.1799 Moskva, Rusko - 10.2.1837 Petrohrad, Rusko). Reprodukcia maľby. 
600 1 7 |a Puškin, Aleksandr Sergejevič,  |d 1799-1837  |2 SNKMA  |9 16675 
655 7 |a portrétne fotografie  |2 SNKPH  |9 305796 
655 7 |a reprodukcie umeleckých diel  |2 SNKPH  |9 70730 
852 7 |a Slovenská národná knižnica  |b Literárny archív 
958 |a ZO 
958 |a BLA 
999 |c 1123938  |d 1125868 
952 |a SNKLA  |b SNKLA  |c SNKLA_DEP  |y NEVYP  |7 0  |p 17A1311144  |o snkSP 197/2  |i snkLA 2676/1960  |0 0  |1 0  |4 0  |d 2020-07-23  |f 1  |l 0  |r 2026-02-24 18:39:20  |w 2026-02-24